| 000 | 00636nam a22001577a 4500 | ||
|---|---|---|---|
| 003 | OSt | ||
| 005 | 20150928152107.0 | ||
| 008 | 150928b xxu||||| |||| 00| 0 eng d | ||
| 040 | _cRUA | ||
| 082 | _aATM.Sp THE 2003 B059 Or.1 | ||
| 100 |
_91492 _aTHEAM, RANIN. |
||
| 245 | _aStudy on insect pest problem in maize wet season 2002, ការសិក្សាតាមដាននៃការបំផ្លាញរបស់សត្វល្អិតទៅលើដំណាំពោតនៅរដូវវស្សាឆ្នាំ២០០២ | ||
| 260 |
_aPhnom Penh _bRUA _c2003 |
||
| 300 |
_a61p. _bill. _c29cm. |
||
| 942 |
_2ddc _cATMSP |
||
| 999 |
_c1403 _d1403 |
||